Normal view
MARC view
- الخلال، أبي بكر أحمد بن محمد بن هارون ، تحقيق ودراسة: عبد القادر أحمد عطا
Entry Personal Name
001 - CONTROL NUMBER
- control field: 10176
003 - CONTROL NUMBER IDENTIFIER
- control field: JO-AjAnu
005 - DATE AND TIME OF LATEST TRANSACTION
- control field: 20230606071932.0
008 - FIXED-LENGTH DATA ELEMENTS
- fixed length control field: 230606|| aca||aabn | a|a d
040 ## - CATALOGING SOURCE
- Original cataloging agency: JO-AjAnu
- Transcribing agency: JO-AjAnu
100 ## - HEADING--PERSONAL NAME
- Personal name: الخلال، أبي بكر أحمد بن محمد بن هارون ، تحقيق ودراسة: عبد القادر أحمد عطا
670 ## - SOURCE DATA FOUND
- Source citation: Work cat.: (JO-AjAnu)5242: الخلال، أبي بكر أحمد بن محمد بن هارون ، تحقيق ودراسة: عبد القادر أحمد عطا, author, الأمر بالمعروف والنهي عن المنكر